| 000 | 00742nam a2200253Ia 4500 | ||
|---|---|---|---|
| 003 | OSt | ||
| 005 | 20220928124530.0 | ||
| 006 | a|||||r|||| 00| 0 | ||
| 007 | ta | ||
| 008 | 220927b |||||||| |||| 00| 0 eng d | ||
| 024 | _a4929 | ||
| 037 | _cTextual | ||
| 040 |
_aSDCL _cSDCL _beng |
||
| 041 |
_2eng _aeng |
||
| 082 | _aBxM88:g, P1 | ||
| 100 |
_aBerndt Bruce C Ed. _9466124 |
||
| 245 | 0 |
_aRamanujan _b Essays and surveys. |
|
| 260 |
_aNew Delhi _bHindustan Book Agency _c2001 |
||
| 300 |
_axvi,347p. _ccm. |
||
| 490 | _aCulture and history of mathematics 1. | ||
| 700 |
_a Rankin Robert A Ed. _9466125 |
||
| 942 |
_hBxM88:g, P1 _cTEXL _2CC |
||
| 999 |
_c778994 _d778994 |
||